Answer | % Correct |
---|---|
Gold Digger | 72%
|
Stronger | 72%
|
Jesus Walks | 53%
|
Power | 52%
|
Runaway | 50%
|
Heartless | 49%
|
All of the Lights | 41%
|
Monster | 32%
|
Love Lockdown | 25%
|
Can't Tell Me Nothin' | 23%
|
Amazing | 15%
|
Mercy | 13%
|
H•A•M | 3%
|
Gotta Have it | 1%
|
Prime Time | 1%
|
Copyright H Brothers Inc, 2008–2024
Contact Us | Go To Top | View Mobile Site